000 00951nam a2200253 i 4500
001 188881
003 SpMaBN
005 20251014063305.0
008 190220s2016 sp aco |||| |aspa d
020 _a978-84-16538-62-1
080 _a929 Tortosa Téllez, Pablo
100 1 _aTortosa Téllez, Pablo,
_d1942-
_9166400
245 1 3 _aEl despertar de otros tiempos /
_cPablo Tortosa Téllez ; prólogo, Manuel Rios Ruiz.
250 _a1ª ed.
260 _a[Madrid] :
_bLetras de Autor,
_c2016.
300 _a415 p. :
_bil. col. ;
_c24 cm.
600 1 7 _aTortosa Téllez, Pablo,
_d1942-
_2
_9166400
650 7 _aFlamenco
_2embne
_912894
700 1 _aRíos Ruiz, Manuel.
_997393
852 _aES-MaACL
_jA-14382
_9196015
_bR.151750
_cDEPO1
_dOlim: N-7382
_gDedicatoria autógrafa del autor
_hDonación: Pablo Tortosa Téllez
903 _aTortosa Téllez, Pablo,
_d1942-
_ednr
_9166400
942 _2udc
_cMONOGRAFIA
999 _c188881
_d188881